000 00350nam a2200133Ia 4500
008 240624s9999 xx 000 0 und d
041 _aeng
082 _a332.64 BRA
100 _aBRADDOCK JOHN C
245 _aDERIVATIVES DEMYSTIFED USING STRUCTURED
260 _c1997
_aNew York
_bJohn Wiley and Sons
300 _a306 : p. : cm. ; 24
365 _cRS
999 _c15921
_d15921